|
|
|
|
| LEADER |
00000nam^a2200000^a^4500 |
| 001 |
000590379 |
| 005 |
20251023000000.0 |
| 009 |
20260310132907.592 |
| 020 |
|
|
|a 9783319663173
|
| 037 |
|
|
|a Acervo ITESO - Biblioteca
|
| 041 |
|
|
|a ING
|
| 082 |
|
|
|a 303. 60980
|b MAC
|
| 100 |
|
|
|a Macleod, Morna
|e (edición)
|
| 245 |
1 |
0 |
|a Resisting Violence :
|b Emotional Communities in Latin America /
|c Ed. de Macleod, N. de Marinis.
|
| 264 |
|
4 |
|a Cham, Suiza :
|b Palgrave Macmillan,
|c 2018, c2018
|
| 264 |
|
2 |
|a Birmingham, EUA :
|b EBSCOhost [distribución],
|c 2024
|
| 300 |
|
|
|a 1 libro electrónico en línea (XIII, 225 p.)
|
| 300 |
|
|
|a 1 recurso en línea
|
| 336 |
|
|
|a datos para computadora
|b cod
|2 rdacontenido
|
| 337 |
|
|
|a computadora
|b c
|2 rdamedio
|
| 338 |
|
|
|a recurso en línea
|b cr
|2 rdasoporte
|
| 506 |
0 |
|
|a Licencias ilimitadas
|
| 521 |
|
|
|a Peticiones 2024
|
| 649 |
|
|
|a XX
|
| 650 |
|
|
|a Violencia -
|z México
|
| 650 |
|
|
|a Violencia -
|z Guatemala
|
| 650 |
|
|
|a Violencia -
|z El Salvador
|
| 650 |
|
|
|a Violencia -
|z Nicaragua
|
| 650 |
|
|
|a Violencia -
|z Colombia
|
| 650 |
|
|
|a Violencia -
|z Chile
|
| 650 |
|
|
|a Violencia -
|z Latinoamérica -
|x Aspectos Psicológicos
|
| 650 |
|
|
|a Violencia -
|z Latinoamérica -
|x Aspectos Sociales y Culturales
|
| 650 |
|
|
|a Violencia -
|z Latinoamérica -
|x Aspectos Políticos
|
| 650 |
|
|
|a Violencia -
|z Latinoamérica -
|x Tema Principal
|
| 650 |
|
|
|a Problemas Sociales -
|z Latinoamérica -
|x Tema Principal
|
| 650 |
|
|
|a Latinoamérica -
|x Historia -
|y Siglo XX
|
| 650 |
|
|
|a Latinoamérica -
|x Historia -
|y Siglo XXI
|
| 700 |
|
|
|a Marinis, Natalia de
|e (edición)
|
| 856 |
4 |
0 |
|u https://ezproxy.iteso.mx/login?url=https://search.ebscohost.com/login.aspx?direct=true&scope=site&db=nlebk&db=nlabk&AN=1709194
|y Ver documento en línea
|
| 910 |
|
|
|a Fondo General
|
| 920 |
|
|
|a Electrónicos - Libros en Línea
|
| 930 |
|
|
|a Plataforma Digital
|
| 905 |
|
|
|a 205
|
| 901 |
|
|
|a 590379-1
|b IT2
|c EBO
|i C
|u 20250521
|
| 902 |
|
|
|a https://opac.biblio.iteso.mx/vufind/Record/000590379
|